00333 a2200097 4500001001000000005001700010008004100027245007800068100002100146773006800167ART_4175220260410161806.0260409a 10aReflexiones sobre la intervención cautelar de sociedades y fideicomisos1 aPapa, Rodolfo G.0 tDoctrina Societaria y Concursalg- Nº 305 (abr. 2013)wREV4298